000 00448nam a2200145Ia 4500
008 230917s9999||||xx |||||||||||||| ||und||
040 _e172119
_aMAIN
041 _aEnglish
082 _a891.437731 SA98S
100 _aसक्सेना, आलोक
245 0 _aसमान्तर हो गए रिश्ते
260 _aनई दिल्ली
_bसार्थक प्रकाशन
_c1996
300 _a72 p.
942 _cHN
999 _c96585
_d96585